[Event "GRE-chT Online Rapid (Women) 1st"]
[White "Grapsa, Georgia"]
[Black "Chatzipanagiotou, Asimenia"]
[Site "Tornelo INT"]
[Round "5.5"]
[Result "0-1"]
[Date "2021.02.21"]
[WhiteElo "1950"]
[BlackElo "1591"]
[PlyCount "78"]
[EventDate "2021.02.20"]
[EventType "team-swiss (rapid)"]
[EventRounds "9"]
[EventCountry "GRE"]
[SourceTitle "EXT 2023"]
[Source "ChessBase"]
[SourceDate "2022.10.05"]
[SourceVersion "1"]
[SourceVersionDate "2022.10.05"]
[SourceQuality "1"]

1. d4 d5 2. Nf3 Nf6 3. c4 e6 4. g3 Nbd7 5. Qc2 c6 6. Nbd2 Be7 7. Bg2 0-0 8. 0-0 b6 9. Rd1 Bb7 10. e4 dxe4 11. Nxe4 Nxe4 12. Qxe4 Nf6 13. Qe1 Qc7 14. Bf4 Bd6 15. Ne5 Nd7 16. b4 Bxe5 17. dxe5 c5 18. b5 a6 19. a4 Rfd8 20. Bg5 Re8 21. Bf4 Bxg2 22. Kxg2 Qb7+ 23. Kg1 Nf8 24. Qd2 Ng6 25. Qe3 h6 26. h4 axb5 27. axb5 Rxa1 28. Rxa1 Ra8 29. Rxa8+ Qxa8 30. h5 Ne7 31. g4 Qa1+ 32. Kg2 Qd1 33. Kg3 Qg1+ 34. Kh3 Qf1+ 35. Kg3 Qxc4 36. Qf3 Nd5 37. Bd2 Qxb5 38. g5 Qb2 39. Qe2 hxg5 0-1

[Event "GRE-ch U18 Girls 22nd"]
[White "Apostolidou, Eleni"]
[Black "Chatzipanagiotou, Asimenia"]
[Site "Rethymno"]
[Round "5"]
[Result "0-1"]
[Date "2020.01.05"]
[WhiteElo "1436"]
[BlackElo "1506"]
[PlyCount "76"]
[EventDate "2020.01.02"]
[EventType "swiss"]
[EventRounds "9"]
[EventCountry "GRE"]
[SourceTitle "EXT 2021"]
[Source "ChessBase"]
[SourceDate "2020.10.23"]
[SourceVersion "1"]
[SourceVersionDate "2020.10.23"]
[SourceQuality "1"]

1. e4 c5 2. Nc3 Nc6 3. g3 g6 4. Bg2 Bg7 5. Nge2 d6 6. d3 e6 7. Be3 Nd4 8. 0-0 Ne7 9. Qd2 0-0 10. f4 Rb8 11. Nc1 b5 12. a3 a6 13. Nd1 b4 14. axb4 Rxb4 15. c3 Nb3 16. Nxb3 Rxb3 17. e5 dxe5 18. Bxc5 Rb5 19. Be3 exf4 20. Bxf4 e5 21. Be3 Nf5 22. Bf2 Bh6 23. Qe2 Ne7 24. Ne3 Bg7 25. Nc4 Qc7 26. Be3 Rd8 27. Qf2 Nd5 28. Bd2 Bf5 29. Qf3 Nb6 30. Nxb6 Rxb6 31. b4 Rxd3 32. Qf2 Rbd6 33. Be1 e4 34. Kh1 Bxc3 35. Rc1 Bxe1 36. Rxc7 Bxf2 37. Rxf2 e3 38. Rf1 e2 0-1

[Event "GRE-ch U14 Girls"]
[White "Chatzipanagiotou, Asimenia"]
[Black "Dereka, Konstantina"]
[Site "Rio Achaia"]
[Round "6"]
[Result "0-1"]
[Date "2018.07.06"]
[WhiteElo "1366"]
[BlackElo "1363"]
[PlyCount "70"]
[EventDate "2018.07.03"]
[EventType "swiss"]
[EventRounds "9"]
[EventCountry "GRE"]
[SourceTitle "EXT 2019"]
[Source "ChessBase"]
[SourceDate "2018.10.10"]
[SourceVersion "1"]
[SourceVersionDate "2018.10.10"]
[SourceQuality "1"]

1. e4 e6 2. d4 d5 3. Nd2 c5 4. Ngf3 Nc6 5. c3 cxd4 6. cxd4 Bb4 7. e5 Nge7 8. a3 Ba5 9. b4 Bb6 10. Nb3 a6 11. Bb2 0-0 12. Bd3 Bc7 13. Qc2 h6 14. 0-0 f6 15. exf6 Rxf6 16. Rfe1 Qd6 17. Ne5 Nf5 18. g3 Nce7 19. Rac1 Bb6 20. Nc5 Nc6 21. Nxc6 bxc6 22. Re5 a5 23. Rce1 axb4 24. axb4 Bxc5 25. bxc5 Qc7 26. Bxf5 Rxf5 27. Rxf5 exf5 28. Re8+ Kf7 29. Qe2 Qd7 30. Qh5+ g6 31. Qxh6 Qxe8 32. Qh7+ Kf6 33. Qh4+ Kg7 34. Qf4 Qe1+ 35. Kg2 Qe4+ 0-1

[Event "GRE-ch Schools Gymnasia-B 30th"]
[White "Nomikos, Giorgos"]
[Black "Chatzipanagiotou, Asimenia"]
[Site "Peristeri"]
[Round "5"]
[Result "1-0"]
[Date "2018.04.01"]
[WhiteElo "1637"]
[BlackElo "1369"]
[PlyCount "73"]
[EventDate "2018.04.01"]
[EventType "swiss (rapid)"]
[EventRounds "9"]
[EventCountry "GRE"]
[SourceTitle "EXT 2019"]
[Source "ChessBase"]
[SourceDate "2018.10.10"]
[SourceVersion "1"]
[SourceVersionDate "2018.10.10"]
[SourceQuality "1"]

1. d4 d5 2. Nf3 Nf6 3. g3 Nc6 4. Bg2 Bf5 5. a3 e6 6. 0-0 Bd6 7. Nbd2 0-0 8. c4 Re8 9. b3 e5 10. dxe5 Nxe5 11. Bb2 dxc4 12. Nxe5 Bxe5 13. Bxe5 Rxe5 14. Nxc4 Qxd1 15. Rfxd1 Rxe2 16. Bxb7 Rb8 17. Bf3 Ree8 18. b4 h6 19. Rac1 Re7 20. Na5 Be4 21. Bxe4 Nxe4 22. Nc6 Rbe8 23. Nxe7+ Rxe7 24. Rd8+ Kh7 25. Re1 Re6 26. f3 Ng5 27. Rxe6 Nxe6 28. Ra8 Nd4 29. Kf2 Nb5 30. a4 Nc3 31. Rxa7 Nd5 32. Rb7 Kg6 33. a5 Kf6 34. a6 Ke6 35. a7 Nb6 36. Rxb6+ cxb6 37. a8Q 1-0

[Event "GRE-ch U18 Girls"]
[White "Chatzipanagiotou, Asimenia"]
[Black "Tsivelekidou, Evgenia"]
[Site "Chania"]
[Round "9"]
[Result "0-1"]
[Date "2018.01.08"]
[WhiteElo "1337"]
[BlackElo "1975"]
[PlyCount "26"]
[EventDate "2018.01.02"]
[EventType "swiss"]
[EventRounds "9"]
[EventCountry "GRE"]
[SourceTitle "EXT 2024"]
[Source "ChessBase"]
[SourceDate "2023.10.10"]
[SourceVersion "1"]
[SourceVersionDate "2023.10.10"]
[SourceQuality "1"]

1. e4 c6 2. d4 d5 3. e5 Bf5 4. Nf3 e6 5. Be2 Nd7 6. 0-0 Ne7 7. Nh4 Bg6 8. Nxg6 hxg6 9. f4 Nf5 10. c3 c5 11. dxc5 Bxc5+ 12. Kh1 Rxh2+ 13. Kxh2 Qh4# 0-1

[Event "Wch U12 Girls"]
[White "Chatzipanagiotou, Asimenia"]
[Black "Sovina, Maria"]
[Site "Batumi"]
[Round "1"]
[Result "0-1"]
[Date "2016.10.19"]
[WhiteElo "1246"]
[BlackElo "1679"]
[PlyCount "62"]
[EventDate "2016.10.19"]
[EventType "swiss"]
[EventRounds "11"]
[EventCountry "GEO"]
[SourceTitle "EXT 2018"]
[Source "ChessBase"]
[SourceDate "2017.10.13"]
[SourceVersion "1"]
[SourceVersionDate "2017.10.13"]
[SourceQuality "1"]

1. e4 c5 2. Nf3 Nc6 3. c4 Qc7 4. d4 cxd4 5. Nxd4 Qe5 6. Nxc6 Qxe4+ 7. Be3 Qxc6 8. Nc3 Nf6 9. f3 g6 10. Be2 Bg7 11. 0-0 0-0 12. Rc1 d6 13. f4 Qd7 14. Qe1 Ng4 15. Qg3 Nxe3 16. Qxe3 Qe6 17. Qf2 Bd7 18. Rfe1 Bc6 19. Bd3 Qg4 20. Be2 Qd7 21. h3 f5 22. Bf3 e5 23. fxe5 dxe5 24. Bd5+ Kh8 25. Rcd1 Qe7 26. Bxc6 bxc6 27. Rd3 Rfd8 28. Qe3 e4 29. Rd2 Rxd2 30. Qxd2 Rd8 31. Qe3 Bd4 0-1

[Event "GRE-ch U12 Girls"]
[White "Chatzipanagiotou, Asimenia"]
[Black "Karavitaki, Evaggelia"]
[Site "Porto Rio"]
[Round "9"]
[Result "0-1"]
[Date "2016.07.04"]
[WhiteElo "1137"]
[BlackElo "1521"]
[PlyCount "62"]
[EventDate "2016.06.28"]
[EventType "swiss"]
[EventRounds "9"]
[EventCountry "GRE"]
[SourceTitle "CBM 173 Extra"]
[Source "ChessBase"]
[SourceDate "2016.08.29"]
[SourceVersion "1"]
[SourceVersionDate "2016.08.29"]
[SourceQuality "1"]

1. e4 c5 2. Nf3 e6 3. d4 cxd4 4. Nxd4 Nf6 5. Nc3 d6 6. Be2 a6 7. 0-0 Qc7 8. f4 b5 9. Bf3 Bb7 10. a3 Nbd7 11. Kh1 Be7 12. Qe1 0-0 13. g4 Nb6 14. g5 Nfd7 15. Qg3 Rfe8 16. Bd2 Nc4 17. Bc1 Nc5 18. b3 Nb6 19. Bb2 Rad8 20. Rad1 d5 21. e5 Ne4 22. Bxe4 dxe4 23. Qe3 Nd5 24. Qd2 e3 25. Qe1 Nxc3+ 26. Kg1 Nxd1 27. Qxd1 Bc5 28. b4 e2 29. Qd2 exf1Q+ 30. Kxf1 Bxd4 31. Bxd4 Qc4+ 0-1

[Event "Anogia op 1st"]
[White "Chatzipanagiotou, Asimenia"]
[Black "Eleftherakis, Panagiotis"]
[Site "Anogia"]
[Round "2"]
[Result "0-1"]
[Date "2012.07.31"]
[WhiteElo "1005"]
[BlackElo "1581"]
[PlyCount "76"]
[EventDate "2012.07.30"]
[EventType "swiss"]
[EventRounds "7"]
[EventCountry "GRE"]
[SourceTitle "EXT 2013"]
[Source "ChessBase"]
[SourceDate "2012.11.22"]
[SourceVersion "1"]
[SourceVersionDate "2012.11.22"]
[SourceQuality "1"]

1. e4 e6 2. Nf3 d5 3. Bb5+ c6 4. Bd3 dxe4 5. Bxe4 Nf6 6. Bd3 Be7 7. Nc3 Nbd7 8. Bc4 Nb6 9. Be2 Nbd5 10. Nxd5 exd5 11. d3 0-0 12. Bg5 h6 13. Bxf6 Bxf6 14. 0-0 Bxb2 15. Rb1 Bf6 16. Nd2 Qc7 17. h3 Be5 18. Nf3 Bf6 19. Qd2 Bf5 20. Qb4 b6 21. Nd4 c5 22. Qa4 Bxd4 23. Rfe1 Bxh3 24. Bf3 Qf4 25. Rf1 Bxf2+ 26. Rxf2 Qxa4 27. Bxd5 Rad8 28. gxh3 Rxd5 29. Kf1 Qh4 30. Re1 Qxh3+ 31. Ke2 Re5+ 32. Kd1 Rxe1+ 33. Kxe1 Re8+ 34. Kd2 Qh1 35. Kc3 b5 36. Rd2 Qb1 37. d4 Qb4+ 38. Kd3 Qxd4# 0-1